Closest capital acrostics- H, I and J capitals - Statistics

General Stats
  • This quiz has been taken 57 times
  • The average score is 47 of 55
Answer Stats
Hint Answer % Correct
H Hanoi
100%
H Helsinki
100%
H Helsinki
100%
H Honiara
100%
I Islamabad
100%
J Juba
100%
J Juba
100%
S Stockholm
100%
A Antananarivo
97%
H Hanoi
97%
I Islamabad
97%
I Islamabad
97%
J Jerusalem
97%
L Luxembourg
97%
R Rome
97%
U Ulaanbaatar
97%
U Ulaanbaatar
97%
A Amman
93%
A Apia
93%
A Ashgabat
93%
A Astana
93%
A Asuncion
93%
O Oslo
93%
R Riyadh
93%
R Riyadh
93%
T Taipei
93%
K Kiev
90%
O Ottawa
90%
R Riyadh
90%
A Astana
87%
B Bishkek
87%
D Dushanbe
87%
M Manama
87%
R Riyadh
87%
V Vaduz
87%
A Addis Ababa
83%
A Ashgabat
83%
A Asmara
83%
N Naypyidaw
83%
A Andorra la Vella
80%
N Nicosia
80%
A Astana
77%
N Nassau
77%
K Kuala Lumpur
73%
N Nuku'alofa
73%
A Abu Dhabi
70%
A Amsterdam
70%
B Bujumbura
67%
S Sofia
67%
L Ljubljana
63%
S Sri Jayawardenapura Kotte
63%
M Muscat
60%
A Antananarivo
53%
L Ljubljana
53%
A Abu Dhabi
50%
No matching quizzes found
Score Distribution
Percent of People with Each Score
Percentile by Number Answered
Your Score History
You have not taken this quiz